000 01437nam a2200373Ia 4500
001 ebr10112139
003 CaPaEBR
006 m u
007 cr cn|||||||||
008 040709s2004 xxua sb 001 0 eng d
010 _z 2004556070
020 _z0738498882 (pbk.)
040 _aCaPaEBR
_cCaPaEBR
035 _a(OCoLC)80245431
050 1 4 _aTK5105.8885.W43
_bI284 2004eb
082 0 4 _a025.04
_222
245 0 0 _aIBM WebSphere Portal for Multiplatforms V5 handbook
_h[electronic resource] /
_c[Rufus Credle ... et al.].
250 _a1st ed.
260 _a[S.l.] :
_bIBM, International Technical Support Organization,
_cc2004.
300 _axxii, 782 p. :
_bill.
490 1 _aIBM redbooks
500 _a"March 2004."
504 _aIncludes bibliographical references and index.
533 _aElectronic reproduction.
_bPalo Alto, Calif. :
_cebrary,
_d2009.
_nAvailable via World Wide Web.
_nAccess may be limited to ebrary affiliated libraries.
630 0 0 _aWebSphere.
650 0 _aWeb portals.
650 0 _aComputer architecture.
655 7 _aElectronic books.
_2local
700 1 _aCredle, Rufus.
710 2 _aInternational Business Machines Corporation.
_bInternational Technical Support Organization.
710 2 _aebrary, Inc.
830 0 _aIBM redbooks.
856 4 0 _uhttp://site.ebrary.com/lib/rucke/Doc?id=10112139
_zAn electronic book accessible through the World Wide Web; click to view
999 _c210607
_d210607